000
00207 a2200097 4500
001
11820
100
_a
Shaplen, J.
245
_a
The real soviet Russia
260
_a
_b
Hollis carter
_c
090
_c
9076
_d
9076
942
_a
NUST-CAE
_c
M
_c
35907
999
_c
246893
_d
246893